| 000 | 00829nam0a22002771 4500 | ||
|---|---|---|---|
| 001 | rc\4075341 | ||
| 005 | 20250611081723.0 | ||
| 021 |
_aRU _b[55-8763] |
||
| 035 | _a(NLR Aleph) 008122390 | ||
| 090 |
_a9371933 _c9371933 |
||
| 100 | _a20130415d1954 |||y0rusy50 ca | ||
| 101 | 0 | _arus | |
| 102 | _aRU | ||
| 105 | _aa z |||a| | ||
| 200 | 1 | _aРассказы о боевых кораблях | |
| 210 |
_aМосква _cВоениздат _d1954 |
||
| 215 |
_a288 с., 10 л. ил. _cил. _d27 |
||
| 606 | 1 |
_aВоенные корабли _yСССР _92161238 _3RU\NLR\AUTH\661605282 |
|
| 686 | 1 | _aЦ661.1(2) | |
| 700 | 1 |
_aПерля _bЗ.Н. _f1899-1958 _gЗигмунд Наумович |
|
| 801 | 0 |
_aRU _bNLR _gpsbo |
|
| 801 | 1 |
_aRU _bELAR _2rusmarc |
|
| 852 |
_aNLR _jВ80 Г-7/25 |
||
| 942 | _cBOOK | ||
| 980 | _aNB | ||